THE MOTHER I NEVER KNEW (Record no. 6891)
[ view plain ]
| 000 -LEADER | |
|---|---|
| fixed length control field | 00620nam a22001457a 4500 |
| 020 ## - INTERNATIONAL STANDARD BOOK NUMBER | |
| ISBN | 978-0143-42225-9 |
| 082 ## - DEWEY DECIMAL CLASSIFICATION NUMBER | |
| Classification number | 823 |
| Item number | MUR/M |
| 100 ## - MAIN ENTRY--AUTHOR NAME | |
| Personal name | MURTY, SUDHA |
| 245 ## - TITLE STATEMENT | |
| Title | THE MOTHER I NEVER KNEW |
| 260 ## - PUBLICATION, DISTRIBUTION, ETC. (IMPRINT) | |
| Place of publication | USA |
| Name of publisher | PENGUIN BOOKS |
| 300 ## - PHYSICAL DESCRIPTION | |
| Number of Pages | 205 |
| 520 ## - SUMMARY, ETC. | |
| Summary, etc | Mukesh, a young man, is shocked to realize after his father's death that he was actually adopted. He sets out to find his biological mother, but the deeper he delves, the more confused he is about where his loyalties should lie: with the mother who gave birth to him, or with the mother who brought him up. |
| 650 ## - SUBJECT ADDED ENTRY--TOPICAL TERM | |
| Topical Term | ENGLISH SHORT STORY |
| Geographic subdivision | USA |
| 942 ## - ADDED ENTRY ELEMENTS (KOHA) | |
| Koha item type | Books |
| Withdrawn status | Lost status | Collection code | Home library | Current library | Shelving location | Date acquired | Source of acquisition | Full call number | Accession Number | Koha item type |
|---|---|---|---|---|---|---|---|---|---|---|
| Fiction | Main Library | Main Library | NEW SHELF WITH NEW ENTRY | 05/10/2023 | PURCHASE | 823 MUR/M | 12961 | Books |